| 000 | 00844nam a2200205Ia 4500 | ||
|---|---|---|---|
| 003 | GCL | ||
| 008 | 140319s9999 xx 000 0 ara d | ||
| 040 |
_aGCL / _cGCL |
||
| 082 | 0 | 4 |
_aم _b923.2 _bم خ |
| 100 | 1 | _aالمحبى : محمد امين بن فضل الله بن محب الله بن محمد الحموى الدمشقى | |
| 245 | 1 | 0 |
_aخلاصة الاثر فى اعيان القرن الحادى عشر / _cالمحبى : محمد امين بن فضل الله بن محب الله بن محمد الحموى الدمشقى |
| 260 |
_a[S.N] : _bدار صادر |
||
| 300 | _aمتعدد | ||
| 490 |
_aماذا اعرف _v0 |
||
| 650 | 0 | 4 | _aالتاريخ الاسلامى |
| 650 | 0 | 4 | _aالملوك والحكام |
| 650 | 0 | 4 | _aالحضارة الاسلامية |
| 650 | 0 | 4 | _aالقرن الحادى عشر |
| 942 |
_2ddc _cREF |
||
| 999 |
_c59525 _d59525 |
||